Tous les championnats européens de football - Statistiques

Statistiques générales
  • Ce quiz a été pris 29 fois
  • Le résultat moyen est 5 sur 54
Statistiques - réponses
Pays Coefficient UEFA Réponse % Correct
Allemagne 82.481 Bundesliga
93%
Angleterre 109.570 Premier League
82%
France 61.164 Ligue 1
57%
Italie 81.926 Serie A
57%
Belgique 42.200 Jupiler Pro League
39%
Portugal 56.216 Liga NOS
36%
Pays-Bas 59.900 Eredivisie
32%
Turquie 32.100 Süper Lig
25%
Espagne 92.998 LaLiga Santander
21%
Finlande 10.250 Veikkausliiga
7%
Suède 23.750 Allsvenskan
4%
Lituanie 10.000 A Lyga
4%
Pologne 20.750 Ekstraklasa
4%
Norvège 29.000 Eliteserien
4%
Roumanie 20.500 Liga I
4%
Estonie 7.582 Meistriliiga
4%
Danemark 27.825 Superliga
4%
Macédoine du Nord 5.500 1. MFL
0%
Irlande 10.375 Airtricity League
0%
Azerbaïdjan 16.625 Azərbaycan Premyer Liqası
0%
Islande 7.250 Besta Deildin
0%
Iles Féroé 8.750 Betrideildin
0%
Luxembourg 9.000 BGL Ligue
0%
Kosovo 11.041 BKT Superliga e Kosovës
0%
Malte 8.250 BOV Premier League
0%
Saint-Marin 1.999 Campionato Sammarinese BKN301
0%
Suisse 31.675 Credit Suisse Super League
0%
Moldavie 12.250 Divizia Națională
0%
Slovaquie 19.750 Fortuna Liga
0%
Tchéquie 29.050 Fortuna Liga
0%
Gibraltar 5.791 Gibraltar Football League
0%
Pays de Galles 6.166 JD Cymru Premier
0%
Albanie 6.250 Kategoria Superiore
0%
Israël 25.000 Ligat Habursa Leniyarot Erech
0%
Arménie* 9.875 Ligue supérieure
0%
Hongrie 20.625 Nemzeti Bajnokság
0%
Irlande du Nord 8.583 NIFL Premiership
0%
Autriche 34.000 Österreichische Fussball-Bundesliga
0%
Chypre 24.475 Panchypriote Cyta
0%
Bulgarie* 20.000 Première Ligue de football professionnel
0%
Russie 26.215 Premier-Liga
0%
Ukraine 29.500 Premier-Liha
0%
Bosnie 9.750 Premijer liga
0%
Andorre 5.165 Primera Divisió
0%
Monténégro 4.750 Prva Crnogorska Liga
0%
Croatie 25.400 Prva hrvatska nogometna liga
0%
Slovénie 12.500 Prva liga Telekom Slovenije
0%
Kazakhstan 12.625 Qazaqstan Premer Ligasy
0%
Écosse 36.400 Scottish Premiership
0%
Grèce 25.225 Superleague Elláda
0%
Serbie 32.375 Super liga Srbije
0%
Géorgie 8.000 Umaglesi Liga
0%
Lettonie 10.625 Virslīga
0%
Biélorussie 9.875 Vycheïchaïa Liha
0%
Aucun quiz correspondant
Distribution des résultats
% des personnes avec chaque résultat
Percentile par nombre de réponses
Votre historique - résultats
Vous n’avez pas pris ce quiz